Score 0/26 Timer 04:00
2 Plays Today
Song Title Word % Correct
Another One ______ the DustBites
98.9%
You're the One that I ______Want
95%
One (Is The Loneliest ______)Number
87.1%
One ______ or AnotherWay
86.8%
The One I ______Love
84.2%
One in a ______Million
79%
One of ______ NightsThese
71.7%
______'s The OneShe
69.8%
One ______ Oneon
67.8%
One ______ Onlyand
67.7%
Four Seasons in One ______Day
66.2%
One ______ Leads To AnotherThing
65.2%
One Tree ______Hill
64.4%
Song Title Word % Correct
Square One Here I ______Come
61.7%
One More For the _____ (Lido Shuffle)Road
52.4%
One ______ AppleBad
48.5%
You're ______ The OneStill
45.1%
One ______ Is Not EnoughNight
43.2%
One Shining ______Moment
30.9%
______ No OneFor
28.9%
One Toke Over The ______Line
26.5%
One Love/People Get ______Ready
25%
One ______ Soldier (Legend of Billy Jack)Tin
24.8%
One Step ______Beyond
19.1%
The Only One I ______Know
16.7%
One More ______Chance
11.7%

Today's Daily Dose

Remove Ads.
Support Sporcle.
Get the best of Sporcle when you Go Orange. This ad-free experience offers more features, more stats, and more fun while also helping to support Sporcle. Thank you for becoming a member.

You're not logged in!

Compare scores with friends on all Sporcle quizzes.
OR
Log In

Show Comments

Extras

Top Quizzes Today


Score Distribution

Your Account Isn't Verified!

In order to create a playlist on Sporcle, you need to verify the email address you used during registration. Go to your Sporcle Settings to finish the process.

Report this User

Report this user for behavior that violates our Community Guidelines.

Details: